|
|
|
|
| LEADER |
00961cam a2200241 7i4500 |
| 001 |
0000057442 |
| 005 |
20210219090000.0 |
| 020 |
|
|
|a 9781517598198 (electronic book)
|
| 090 |
0 |
0 |
|a TR267.5
|b .K53 2015
|
| 100 |
1 |
|
|a Klasfield, Mark
|
| 245 |
1 |
0 |
|a Adobe Photoshop CC (2015) :
|b the ultimate guide for beginners to learn digital Photoshop the easy way
|c Mark Klasfield.
|
| 264 |
|
|
|a Middletown, DE,
|c 2015.
|
| 300 |
|
|
|a 1 online resource (153 pages):
|b illustrations, text file, PDF.
|
| 336 |
|
|
|a text
|2 rdacontent
|
| 337 |
|
|
|a computer
|2 rdamedia
|
| 338 |
|
|
|a online resource
|2 rdacarrier
|
| 650 |
0 |
0 |
|a Adobe Photoshop
|
| 650 |
0 |
0 |
|a Photography --
|x Digital techniques
|
| 655 |
0 |
0 |
|a Electronic books
|
| 856 |
4 |
2 |
|u http://library.unisel.edu.my/web/guest/mylibrary
|
| 997 |
|
|
|a Communication, Visual Art & Computing, Faculty
|b Visual Art, Department
|
| 998 |
|
|
|a Arts Creative Photography Technology, Degree
|
| 999 |
|
|
|a EBO0003758
|b EBOOK
|c EBOOK
|e Electronic resources
|